000 01550cam a22004217a 4500
001 000077821
003 CHAP
005 20241112062702.0
008 980318d1996 mx r 00110 spa d
010 _a75056
011 _a76028
020 _a9688843474
035 _a85605
040 _cCHAP
090 _aFolleto 14915
100 1 0 _aSchwentesius Rindermann, Rita
_9103302
245 1 3 _aEl modelo neoliberal y la desmodernización de la agricultura mexicana :
_bel caso de la naranja /
_c/por Rita Schwentesius Rindermann y Manuel Angel Gómez Cruz.
260 _aChapingo, Méx. :
_bUACH. Centro de Investigaciones Económicas, Sociales y Tecnológicas de la Agroindustria y la Agricultura Mundial,
_c1996.
300 _a36 p. ; :
_bgráfs.
410 2 _aUACH. CIESTAAM
490 1 _aReporte de investigación
_v; 29
590 _aBATCH-UPD
_b10
_c20130110
_lUCH01
_h1650
590 _aBATCH-UPD
_b10
_c20130410
_lUCH01
_h1039
590 _aBATCH-UPD
_b10
_c20130914
_lUCH01
_h1549
590 _aCONVERSION
_b10
_c20130109
_lUCH01
_h1341
590 _aE5995AHE
_b05
_c20150212
_lUCH01
_h1343
650 1 4 _aNaranja
_xAspectos económicos.
_980133
650 1 4 _aNeoliberalismo.
_980855
700 1 _aGómez Cruz, Manuel Ángel
_949661
810 0 _aUACh. CIESTAAM
_9115844
830 0 _aReporte de investigación
_v; 29
_996000
901 _aBK
905 _aGuadalupe Pinto C.
942 _cFOLL
942 _n0
949 _aFolleto 14915
_bBC
_cFOLL
_d856051
_eTS1
_i85605
_sb
949 _aFolleto 14915
_bBC
_cUACH
_d856052
_eUACH
_fc.2
_i85605
_sb
999 _c75056
_d75056